000 00628nam a22002172 4500
001 11300
003 BD RJUL
005 20211208235113.0
008 140126s1961 enka 000 0 eng d
035 _aBD RJUL 11349
040 _aMNM
_cMNM
_dUKM
_dBD RJUL
_beng
041 _aeng
082 0 4 _a551
_218
_bBEO 1961
090 _aQB631
_b.B4
100 1 _aBeiser, Arthur.
_925591
245 1 0 _aOur earth :
_bthe properties of our planet, how they were discovered, and how they came into being.
260 _aLondon :
_bArco,
_c1961.
300 _a149 p. :
_billus. ;
_c19 cm.
651 0 _aEarth (Planet)
_934951
942 _2ddc
_cBK
999 _c11300
_d11300